[Event "XIII Abierto de La Pobla de Lillet"]
[Site "Barcelona"]
[Date "2003.??.??"]
[Round "1"]
[White "Marina de la Torre, Ivan"]
[Black "Peralta, Fernando"]
[Result "0-1"]
[WhiteElo "1986"]
[BlackElo "2505"]
[PlyCount "64"]
[EventDate "2003.08.02"]
[Source "lmi"]
[SourceDate "2003.08.10"]

1. e4 d6 2. d4 Nf6 3. Nc3 g6 4. Nf3 Bg7 5. Bc4 O-O 6. O-O Nc6 7. Bg5 Bg4 8. d5
Ne5 9. Be2 Bxf3 10. Bxf3 c6 11. Be2 Qa5 12. Qd2 Rfc8 13. dxc6 Rxc6 14. Bb5 Rxc3
15. Qxc3 Qxb5 16. Qb3 Qc6 17. Bxf6 Bxf6 18. Rfe1 Rc8 19. c3 Nd3 20. Re3 Nc5 21.
Qc2 b5 22. Rd1 Na4 23. Qe2 Nb6 24. Red3 a5 25. f4 Qc4 26. Qe3 Qc7 27. Kf1 b4
28. cxb4 Nc4 29. Qe2 Nxb2 30. e5 Nxd3 31. exf6 Nxf4 32. Qxe7 Qc2 0-1

[Event "XIII Abierto de La Pobla de Lillet"]
[Site "Barcelona"]
[Date "2003.??.??"]
[Round "1"]
[White "Movsziszian, Karen"]
[Black "Ayza Casamitjana, Antoni"]
[Result "1-0"]
[WhiteElo "2461"]
[BlackElo "1956"]
[PlyCount "45"]
[EventDate "2003.08.02"]
[Source "lmi"]
[SourceDate "2003.08.10"]

1. d4 d5 2. c4 dxc4 3. Nf3 Nf6 4. Nc3 e6 5. e4 Bb4 6. Bg5 h6 7. Bxf6 Qxf6 8.
Bxc4 O-O 9. O-O c5 10. e5 Qe7 11. Ne4 cxd4 12. Qxd4 Nc6 13. Qe3 a6 14. a3 Ba5
15. Rfd1 b5 16. Ba2 Bb7 17. Nd6 Rab8 18. Rac1 Ba8 19. Bb1 Nd8 20. Ne4 Bd5 21.
Rd4 Qb7 22. Nf6+ Kh8 23. Rh4 1-0

[Event "XIII Abierto de La Pobla de Lillet"]
[Site "Barcelona"]
[Date "2003.??.??"]
[Round "1"]
[White "Casamitjana Nuñez, Andreu"]
[Black "Pogorelov, Ruslan"]
[Result "0-1"]
[WhiteElo "1838"]
[BlackElo "2449"]
[PlyCount "52"]
[EventDate "2003.08.02"]
[Source "lmi"]
[SourceDate "2003.08.10"]

1. e4 c5 2. Nf3 Nc6 3. d4 cxd4 4. c3 dxc3 5. Bc4 cxb2 6. Bxb2 Qb6 7. Qe2 e6 8.
O-O d6 9. Nc3 Nf6 10. Rab1 Qa5 11. Rfd1 a6 12. e5 Nxe5 13. Nxe5 Qxe5 14. Qf3
Qh5 15. Qg3 Qg4 16. Qd3 b5 17. Bxb5+ axb5 18. Nxb5 Nd5 19. Ba3 Be7 20. Nxd6+
Bxd6 21. Bxd6 f6 22. Qc2 Kf7 23. Rxd5 exd5 24. Qc7+ Bd7 25. h3 Qe6 26. Rb7 Rac8
0-1

[Event "XIII Abierto de La Pobla de Lillet"]
[Site "Barcelona"]
[Date "2003.??.??"]
[Round "2"]
[White "Peralta, Fernando"]
[Black "Basas Gamazo, Josep"]
[Result "1-0"]
[WhiteElo "2505"]
[BlackElo "2045"]
[PlyCount "111"]
[EventDate "2003.08.02"]
[Source "lmi"]
[SourceDate "2003.08.10"]

1. Nf3 Nf6 2. c4 g6 3. Nc3 Bg7 4. e4 d6 5. d4 O-O 6. Be3 e5 7. Be2 Na6 8. O-O
exd4 9. Nxd4 Nc5 10. f3 a5 11. Qd2 c6 12. Nb3 Qe7 13. Rad1 Nxb3 14. axb3 Rd8
15. Bg5 Be6 16. Qf4 Rd7 17. Qh4 d5 18. cxd5 cxd5 19. Bb5 Rc7 20. Nxd5 Bxd5 21.
Rxd5 h6 22. Bxf6 Qxf6 23. Qxf6 Bxf6 24. e5 Be7 25. Bc4 Bc5+ 26. Kh1 Re8 27.
Rfd1 Kg7 28. g3 b6 29. f4 h5 30. Kg2 Rce7 31. Kf3 Rb8 32. h3 Rc8 33. Rd8 Rxd8
34. Rxd8 Kh7 35. g4 hxg4+ 36. hxg4 g5 37. Ke4 gxf4 38. Kxf4 Kg7 39. g5 Rc7 40.
Rd3 Re7 41. Rd8 Rc7 42. Kf5 Be3 43. Rd6 Bc5 44. Rf6 Bd4 45. g6 fxg6+ 46. Rxg6+
Kh7 47. Bg8+ Kh8 48. Bd5 Re7 49. Kf6 Rc7 50. Rg8+ Kh7 51. Rd8 Kh6 52. Be4 Bxe5+
53. Kxe5 Rc5+ 54. Kf6 Kh5 55. Bf5 Kh4 56. Rd3 1-0

[Event "XIII Abierto de La Pobla de Lillet"]
[Site "Barcelona"]
[Date "2003.??.??"]
[Round "2"]
[White "Moreno Fernandez, Hector"]
[Black "Movsziszian, Karen"]
[Result "0-1"]
[WhiteElo "2075"]
[BlackElo "2461"]
[PlyCount "120"]
[EventDate "2003.08.02"]
[Source "lmi"]
[SourceDate "2003.08.10"]

1. e4 c5 2. Nf3 d6 3. d4 cxd4 4. Nxd4 Nf6 5. Nc3 a6 6. Be3 e5 7. Nb3 Be6 8. Be2
b5 9. a4 b4 10. Nd5 Bxd5 11. exd5 a5 12. Bb5+ Nbd7 13. Bc6 Be7 14. Bxa8 Qxa8
15. Qe2 Nxd5 16. O-O O-O 17. Qb5 Nxe3 18. fxe3 Nf6 19. Qxa5 Qe4 20. Qa7 Nd5 21.
Qb7 Bh4 22. Kh1 Qc4 23. Nd2 Qc5 24. Ne4 Qa5 25. Nxd6 Bf6 26. Ne4 Bd8 27. Rf3
Nc7 28. b3 f5 29. Raf1 g6 30. Qc6 Be7 31. Nd2 Rf6 32. Qc4+ Kg7 33. e4 Ne6 34.
exf5 Nd4 35. Rh3 gxf5 36. Rg3+ Rg6 37. Rxg6+ hxg6 38. Nf3 Nxf3 39. Rxf3 e4 40.
Qd4+ Bf6 41. Qd7+ Kf8 42. Qd6+ Be7 43. Qb8+ Kf7 44. Rf1 Qd5 45. Qc8 Qd2 46.
Qc4+ Kg7 47. Qc7 Kf7 48. Qc4+ Kg7 49. Qc7 Kf6 50. Qb6+ Kf7 51. Qf2 Qc3 52. g4
e3 53. Qg2 Qe5 54. Qh3 Ke6 55. gxf5+ gxf5 56. Qg3 Qe4+ 57. Qg2 Bh4 58. Rf3 e2
59. Qg6+ Kd7 60. Qf7+ Be7 0-1

[Event "XIII Abierto de La Pobla de Lillet"]
[Site "Barcelona"]
[Date "2003.??.??"]
[Round "2"]
[White "Pogorelov, Ruslan"]
[Black "Gallego Montes, Antonio"]
[Result "1-0"]
[WhiteElo "2449"]
[BlackElo "2039"]
[PlyCount "77"]
[EventDate "2003.08.02"]
[Source "lmi"]
[SourceDate "2003.08.10"]

1. Nf3 e6 2. c4 f5 3. g3 c6 4. Bg2 Nf6 5. O-O d5 6. b3 Nbd7 7. d4 Ne4 8. Qc2
Bd6 9. Ba3 Bxa3 10. Nxa3 Qa5 11. Qb2 Qc3 12. Rab1 O-O 13. e3 g5 14. Qxc3 Nxc3
15. Rb2 h6 16. Rc1 Ne4 17. b4 a6 18. Ne1 Kg7 19. Nd3 h5 20. f3 Nd6 21. c5 Nf7
22. f4 Nf6 23. Nb1 g4 24. Nc3 h4 25. Ne5 hxg3 26. hxg3 Nxe5 27. dxe5 Ne8 28.
Na4 Nc7 29. Nb6 Rb8 30. a4 Na8 31. b5 Nxb6 32. cxb6 axb5 33. axb5 cxb5 34. Bf1
b4 35. Rxb4 Ra8 36. Rb3 Bd7 37. Rc7 Rf7 38. Rxb7 Ra1 39. Rxd7 1-0

[Event "XIII Abierto de La Pobla de Lillet"]
[Site "Barcelona"]
[Date "2003.??.??"]
[Round "2"]
[White "Riera Sola, Lluis"]
[Black "Baches Garcia, Guillermo"]
[Result "0-1"]
[WhiteElo "2054"]
[BlackElo "2399"]
[PlyCount "80"]
[EventDate "2003.08.02"]
[Source "lmi"]
[SourceDate "2003.08.10"]

1. e4 e6 2. d4 d5 3. Nd2 c5 4. exd5 Qxd5 5. Ngf3 cxd4 6. Bc4 Qd6 7. O-O Nf6 8.
Nb3 Nc6 9. Nbxd4 Nxd4 10. Qxd4 a6 11. Bf4 Qxd4 12. Nxd4 Bc5 13. Rad1 Bd7 14.
Be2 O-O-O 15. Be5 Ne8 16. Nb3 Bb6 17. Bd4 Bc7 18. Rd2 Bc6 19. Rfd1 Rg8 20. Be3
Rxd2 21. Rxd2 g6 22. Nd4 Bd7 23. c4 e5 24. Nc2 f5 25. f3 g5 26. Bc5 f4 27. g4
h5 28. h3 hxg4 29. hxg4 e4 30. Nb4 e3 31. Rd1 Be6 32. Nd5 Bxd5 33. Rxd5 Nf6 34.
Rf5 Nd7 35. Bd4 Nb8 36. c5 Nc6 37. Bf6 Bd8 38. Bc4 Re8 39. Be2 Bxf6 40. Rxf6
Re5 0-1

[Event "XIII Abierto de La Pobla de Lillet"]
[Site "Barcelona"]
[Date "2003.??.??"]
[Round "2"]
[White "Mila Tejera, Jordi"]
[Black "Asensio Lisan, Teodoro"]
[Result "0-1"]
[WhiteElo "2043"]
[BlackElo "2222"]
[PlyCount "94"]
[EventDate "2003.08.02"]
[Source "lmi"]
[SourceDate "2003.08.10"]

1. d4 Nf6 2. Bg5 c5 3. Bxf6 gxf6 4. d5 Qb6 5. Qc1 d6 6. g3 f5 7. Bg2 Nd7 8. Nh3
Bh6 9. e3 Bg7 10. c3 Ne5 11. Nf4 Qa6 12. Nd2 Bd7 13. Bf1 Qa4 14. Qd1 Qxd1+ 15.
Rxd1 O-O 16. Be2 b5 17. Nf3 Nxf3+ 18. Bxf3 b4 19. cxb4 cxb4 20. Rd2 Bb5 21. Be2
Rab8 22. Rc2 Rfc8 23. Kd2 Ba4 24. Rxc8+ Rxc8 25. Rc1 Rb8 26. b3 Bc3+ 27. Kc2
Bd7 28. Bc4 Rc8 29. a4 Bxa4 30. Ne2 Rxc4 31. bxa4 Rc5 32. Kb3 Be5 33. Rc4 Rxd5
34. Nd4 Bxd4 35. exd4 a5 36. Rc8+ Kg7 37. Kc4 e6 38. f4 Kf6 39. Rh8 h6 40. Rb8
Ke7 41. Rb7+ Ke8 42. Rc7 h5 43. h4 f6 44. Rh7 Kd8 45. Rf7 Kc8 46. Rxf6 Kd7 47.
Rf7+ Ke8 0-1

[Event "XIII Abierto de La Pobla de Lillet"]
[Site "Barcelona"]
[Date "2003.??.??"]
[Round "2"]
[White "Jose Iraeta, Alexandre"]
[Black "Orriols Miro, Clara"]
[Result "1/2-1/2"]
[WhiteElo "2191"]
[BlackElo "2024"]
[PlyCount "104"]
[EventDate "2003.08.02"]
[Source "lmi"]
[SourceDate "2003.08.10"]

1. e4 c5 2. Nc3 Nc6 3. Bb5 Nd4 4. Bc4 g6 5. Nf3 Bg7 6. Nxd4 cxd4 7. Qf3 e6 8.
Nb5 d6 9. Qa3 Bf8 10. Nxd4 d5 11. Bb5+ Bd7 12. Qd3 Nf6 13. e5 Ne4 14. Bxd7+
Qxd7 15. Qb5 Bc5 16. Qxd7+ Kxd7 17. c3 Bb6 18. b4 h5 19. f3 Bxd4 20. cxd4 Ng5
21. Bb2 Rhc8 22. Bc3 Rc4 23. Ke2 f6 24. h4 Nh7 25. exf6 Nxf6 26. Kd3 Ne8 27.
Rae1 Nd6 28. Re5 Nf7 29. Re2 Re8 30. g4 Nd6 31. gxh5 gxh5 32. Rg2 Rf8 33. Rh3
Rcc8 34. Rg5 Rf5 35. a4 Rcf8 36. Ke2 R8f7 37. b5 Nc4 38. Rhg3 Nd6 39. Bb4 Ne8
40. Rxf5 Rxf5 41. Rg5 Rxg5 42. hxg5 Ng7 43. Kf2 Nf5 44. g6 Ke8 45. Bc5 a6 46.
bxa6 bxa6 47. Kg2 Nh4+ 48. Kg3 Nxg6 49. Bd6 Kf7 50. Bb8 Kf6 51. Bd6 Kf5 52. Bc7
Kf6 1/2-1/2

[Event "XIII Abierto de La Pobla de Lillet"]
[Site "Barcelona"]
[Date "2003.??.??"]
[Round "2"]
[White "Ayza Leon, David"]
[Black "Mitjavila Badia, Josep"]
[Result "1-0"]
[WhiteElo "2030"]
[BlackElo "2136"]
[PlyCount "95"]
[EventDate "2003.08.02"]
[Source "lmi"]
[SourceDate "2003.08.10"]

1. e4 c5 2. Nf3 d6 3. d4 cxd4 4. Nxd4 Nf6 5. Nc3 a6 6. Bg5 e6 7. f4 h6 8. Bh4
Qa5 9. Qd2 Be7 10. Nb3 Qc7 11. O-O-O Nbd7 12. h3 b5 13. a3 Bb7 14. Bd3 Rc8 15.
Rhg1 Nxe4 16. Bxe4 Bxh4 17. Bxb7 Qxb7 18. Qxd6 Be7 19. Qd4 Qc7 20. Qd2 Nb6 21.
Ne2 Nc4 22. Qd3 O-O 23. Kb1 Rfd8 24. Qe4 a5 25. Ned4 Qb6 26. g4 a4 27. g5 hxg5
28. Nc1 b4 29. fxg5 Nxb2 30. g6 f5 31. Nxf5 Bf6 32. Nh6+ Kf8 33. Rdf1 Ke7 34.
Rxf6 gxf6 35. Qxb4+ Qxb4 36. axb4 Nc4 37. g7 Rg8 38. Nxg8+ Rxg8 39. Nd3 Kf7 40.
Nc5 Nb6 41. h4 e5 42. Ne6 Nd5 43. h5 f5 44. h6 Nf6 45. Nf8 f4 46. b5 Nd5 47. c4
Ne3 48. b6 1-0

[Event "XIII Abierto de La Pobla de Lillet"]
[Site "Barcelona"]
[Date "2003.??.??"]
[Round "2"]
[White "Nogue Fajula, Joan"]
[Black "Moreno de la Fuente, Jose A"]
[Result "1-0"]
[WhiteElo "2024"]
[BlackElo "2128"]
[PlyCount "77"]
[EventDate "2003.08.02"]
[Source "lmi"]
[SourceDate "2003.08.10"]

1. d4 d6 2. Nf3 Bg4 3. e3 Nd7 4. Be2 g6 5. h3 Bxf3 6. Bxf3 c6 7. O-O Bg7 8. Nd2
d5 9. c4 e6 10. Rb1 a5 11. a3 a4 12. b4 axb3 13. Rxb3 Ra7 14. cxd5 exd5 15. e4
Ne7 16. exd5 cxd5 17. Nb1 O-O 18. Bg5 Nf6 19. Nc3 h6 20. Bf4 Qd7 21. Qd2 Kh7
22. Rfb1 Nf5 23. Be5 Nh4 24. Be2 Rc8 25. Qb2 Ne8 26. Rb5 Nf6 27. Rb6 Rc6 28.
Rb3 Rc8 29. Nb5 Ra5 30. Nd6 Rf8 31. Rxb7 Qa4 32. Rxf7 Rxf7 33. Nxf7 Qxa3 34.
Nd6 Qxb2 35. Rxb2 Nf5 36. Nxf5 gxf5 37. Bd3 Kg6 38. g4 Ne4 39. Rb6+ 1-0

[Event "XIII Abierto de La Pobla de Lillet"]
[Site "Barcelona"]
[Date "2003.??.??"]
[Round "2"]
[White "Oms Fuentes, Lluis"]
[Black "Masachs Vendrell, Francesco"]
[Result "1-0"]
[WhiteElo "2126"]
[BlackElo "2006"]
[PlyCount "91"]
[EventDate "2003.08.02"]
[Source "lmi"]
[SourceDate "2003.08.10"]

1. e4 e6 2. d4 d5 3. e5 c5 4. c3 Qb6 5. Nf3 Bd7 6. Be2 Bb5 7. c4 Bxc4 8. Bxc4
dxc4 9. d5 exd5 10. Qxd5 Ne7 11. Qe4 h6 12. Nbd2 Qc6 13. Qe2 b5 14. Ne4 Nf5 15.
Nd6+ Bxd6 16. exd6+ Kf8 17. O-O Nd7 18. Bf4 Re8 19. Qd2 g5 20. Bg3 Kg7 21. Rae1
f6 22. h4 g4 23. Nh2 Nxg3 24. fxg3 Ne5 25. Kh1 Qd7 26. Qd5 h5 27. Re4 Re6 28.
Qxc5 Rxd6 29. Qe3 Rd1 30. Ref4 Rf8 31. Qe2 Rd2 32. Qe3 Qd5 33. R4f2 Rd8 34.
Qxa7+ Rd7 35. Qe3 Rd6 36. Qf4 Qd3 37. Rxd2 Qxd2 38. Qf5 Qd3 39. Qxh5 Qxg3 40.
Rg1 Rd2 41. Nf1 Qf4 42. Nxd2 Nd3 43. Rf1 Qxd2 44. Qxg4+ Kf7 45. Qd7+ Kg8 46.
Qd8+ 1-0

[Event "XIII Abierto de La Pobla de Lillet"]
[Site "Barcelona"]
[Date "2003.??.??"]
[Round "2"]
[White "Escofet Llongueras, Joan"]
[Black "De la Paz, Frank"]
[Result "0-1"]
[WhiteElo "2024"]
[BlackElo "2442"]
[PlyCount "56"]
[EventDate "2003.08.02"]
[Source "lmi"]
[SourceDate "2003.08.10"]

1. c4 Nf6 2. Nc3 g6 3. g3 Bg7 4. Bg2 O-O 5. e4 d6 6. Nge2 c5 7. O-O Nc6 8. d3
Ne8 9. h3 Nc7 10. f4 Ne6 11. f5 Ned4 12. Nxd4 Nxd4 13. Ne2 Nc6 14. Rb1 Rb8 15.
Be3 b5 16. cxb5 Rxb5 17. d4 Qa5 18. dxc5 dxc5 19. fxg6 hxg6 20. a4 Rxb2 21.
Rxb2 Bxb2 22. Qc2 Bg7 23. Bxc5 Ba6 24. Be3 Nb4 25. Qd2 Rd8 26. Qe1 Qxa4 27. Qf2
Bc4 28. Bxa7 Bxe2 0-1

[Event "XIII Abierto de La Pobla de Lillet"]
[Site "Barcelona"]
[Date "2003.??.??"]
[Round "3"]
[White "Amor Alcaide, Manuel"]
[Black "Peralta, Fernando"]
[Result "0-1"]
[WhiteElo "2116"]
[BlackElo "2505"]
[PlyCount "62"]
[EventDate "2003.08.02"]
[Source "lmi"]
[SourceDate "2003.08.10"]

1. c4 f5 2. Nc3 Nf6 3. Nf3 e6 4. e3 d5 5. Be2 c6 6. b3 Bd6 7. d4 Nbd7 8. O-O
O-O 9. Ne5 Qe7 10. f4 b6 11. cxd5 Nxd5 12. Nxd5 exd5 13. Nf3 Bb7 14. Ne5 Qe6
15. g4 Nxe5 16. fxe5 Be7 17. gxf5 Rxf5 18. Bd2 Raf8 19. Rf3 Bh4 20. Qf1 Rxf3
21. Bxf3 Qf5 22. Qe2 Qxf3 23. Qxf3 Rxf3 24. Rf1 Rxf1+ 25. Kxf1 Kf7 26. Ke2 Ke6
27. Kf3 Kf5 28. a3 Ba6 29. Bb4 Bf1 30. Bd6 g5 31. h3 h5 0-1

[Event "XIII Abierto de La Pobla de Lillet"]
[Site "Barcelona"]
[Date "2003.??.??"]
[Round "3"]
[White "Movsziszian, Karen"]
[Black "Garcia Miracle, Joan Josep"]
[Result "1-0"]
[WhiteElo "2461"]
[BlackElo "2106"]
[PlyCount "45"]
[EventDate "2003.08.02"]
[Source "lmi"]
[SourceDate "2003.08.10"]

1. g3 c5 2. Bg2 Nf6 3. d3 e6 4. e4 Nc6 5. f4 d5 6. e5 Nd7 7. Nf3 Be7 8. O-O b5
9. Re1 Qc7 10. c3 O-O 11. Nbd2 c4 12. d4 b4 13. Nf1 Rb8 14. g4 f6 15. exf6 Nxf6
16. Ng5 Nd8 17. Ng3 Kh8 18. Nh3 bxc3 19. bxc3 Rb6 20. g5 Ne8 21. f5 exf5 22.
Nf4 Bb7 23. Qe2 1-0

[Event "XIII Abierto de La Pobla de Lillet"]
[Site "Barcelona"]
[Date "2003.??.??"]
[Round "3"]
[White "Gomez Velasco, Juan Pablo"]
[Black "Pogorelov, Ruslan"]
[Result "0-1"]
[WhiteElo "2098"]
[BlackElo "2449"]
[PlyCount "62"]
[EventDate "2003.08.02"]
[Source "lmi"]
[SourceDate "2003.08.10"]

1. d4 Nf6 2. c4 e6 3. Nf3 b6 4. g3 Ba6 5. b3 Bb4+ 6. Bd2 Be7 7. Bg2 d5 8. cxd5
exd5 9. O-O O-O 10. Nc3 Bb7 11. Bf4 Na6 12. Rc1 c5 13. dxc5 bxc5 14. Ne5 Nc7
15. Na4 Ne6 16. Nd3 Rc8 17. Be3 Qa5 18. Naxc5 Bxc5 19. Bxc5 Rxc5 20. Rxc5 Nxc5
21. b4 Qxa2 22. Nxc5 Bc6 23. Re1 Bb5 24. e4 dxe4 25. Nxe4 Nxe4 26. Bxe4 Qc4 27.
Qd5 Qxd5 28. Bxd5 Rd8 29. Rc1 Kf8 30. Rc5 a6 31. Kg2 Rxd5 0-1

[Event "XIII Abierto de La Pobla de Lillet"]
[Site "Barcelona"]
[Date "2003.??.??"]
[Round "3"]
[White "Baches Garcia, Guillermo"]
[Black "Pascual Genoves, Marc"]
[Result "1/2-1/2"]
[WhiteElo "2399"]
[BlackElo "2092"]
[PlyCount "58"]
[EventDate "2003.08.02"]
[Source "lmi"]
[SourceDate "2003.08.10"]

1. d4 d5 2. c4 e6 3. Nc3 c5 4. e3 Nf6 5. Nf3 a6 6. a3 dxc4 7. Bxc4 b5 8. Bd3
Bb7 9. O-O Nbd7 10. Qe2 Be7 11. Rd1 Qc7 12. Bd2 O-O 13. Rac1 Qb6 14. Bb1 Rac8
15. Be1 cxd4 16. exd4 Nd5 17. Bd2 Nxc3 18. Bxc3 Bd5 19. Ne5 Qb7 20. Qg4 f5 21.
Qg3 Nxe5 22. dxe5 Rc4 23. Ba2 Rc5 24. Bxd5 Rxd5 25. Qf3 Rxd1+ 26. Qxd1 Rd8 27.
Qb3 Qd5 28. Qxd5 Rxd5 29. Kf1 Bg5 1/2-1/2

[Event "XIII Abierto de La Pobla de Lillet"]
[Site "Barcelona"]
[Date "2003.??.??"]
[Round "3"]
[White "Ayza Leon, David"]
[Black "Oms Fuentes, Lluis"]
[Result "0-1"]
[WhiteElo "2030"]
[BlackElo "2126"]
[PlyCount "86"]
[EventDate "2003.08.02"]
[Source "lmi"]
[SourceDate "2003.08.10"]

1. e4 b6 2. d4 Bb7 3. Bd3 e6 4. Nf3 c5 5. c3 Nf6 6. Nbd2 d5 7. e5 Nfd7 8. O-O
Be7 9. Re1 Nc6 10. Nf1 g5 11. Ne3 Qc7 12. a3 O-O-O 13. Nc2 Rdg8 14. Be3 h5 15.
Rc1 c4 16. Be2 Na5 17. Nd2 f5 18. exf6 Nxf6 19. b3 Bd6 20. h3 g4 21. h4 g3 22.
f3 cxb3 23. Nb4 Bf4 24. Bd3 Bxe3+ 25. Rxe3 Qf4 26. Rxe6 Qxh4 27. Nf1 Ng4 28.
Bf5 Kb8 29. Qe1 Nf2 30. Nxg3 Qxg3 31. Qxf2 Qf4 32. Rce1 Qxf5 33. R6e5 Qg6 34.
Re6 Qf5 35. Qe2 h4 36. Re7 Qc8 37. Qe5+ Ka8 38. Nxd5 Bxd5 39. Qxd5+ Nb7 40.
R1e6 b2 41. Qe4 h3 42. g4 h2+ 43. Kh1 Rf8 0-1

[Event "XIII Abierto de La Pobla de Lillet"]
[Site "Barcelona"]
[Date "2003.??.??"]
[Round "3"]
[White "De la Paz, Frank"]
[Black "Nogue Fajula, Joan"]
[Result "1-0"]
[WhiteElo "2442"]
[BlackElo "2024"]
[PlyCount "132"]
[EventDate "2003.08.02"]
[Source "lmi"]
[SourceDate "2003.08.10"]

1. e4 d5 2. exd5 Qxd5 3. Nc3 Qd8 4. d4 Nf6 5. Bc4 c6 6. Nf3 Bf5 7. Ne5 e6 8. g4
Bg6 9. h4 Bb4 10. Rh3 Nbd7 11. Qe2 Nb6 12. h5 Be4 13. Bd2 Nxc4 14. Qxc4 Bxc3
15. Qxc3 Qb6 16. O-O-O Bd5 17. f3 a5 18. a3 Nd7 19. h6 g6 20. Bg5 Nxe5 21. dxe5
a4 22. Bf6 Rg8 23. f4 Ra5 24. Rd4 Rc5 25. Qb4 Qxb4 26. Rxb4 b5 27. Kd2 Kd7 28.
Rd3 Rc4 29. Bh4 Rxb4 30. axb4 Kc7 31. Ke3 Kb6 32. Be7 Kc7 33. Bd6+ Kd7 34. Ra3
Ra8 35. Kd4 Kc8 36. Kc5 Kb7 37. Be7 Kc7 38. Bd6+ Kb7 39. Rg3 Rg8 40. Be7 Kc7
41. Bg5 Be4 42. Rc3 Bd5 43. Kd4 Kb6 44. Ke3 Kc7 45. Ra3 Kb7 46. Be7 Re8 47. Bd6
Rg8 48. Ra1 Ra8 49. Kd4 Bf3 50. Rg1 Bd5 51. Rg3 Rg8 52. Kc5 Bc4 53. Be7 Kc7 54.
Re3 Bd5 55. Ra3 Re8 56. Bh4 Ra8 57. b3 Ra6 58. c4 bxc4 59. bxc4 Bg2 60. Be7 Ra8
61. Bd6+ Kb7 62. Be7 Kc7 63. Kd4 Bf1 64. Bd6+ Kb7 65. f5 gxf5 66. gxf5 exf5 1-0

[Event "XIII Abierto de La Pobla de Lillet"]
[Site "Barcelona"]
[Date "2003.??.??"]
[Round "3"]
[White "Morcillo Ferran, Jordi"]
[Black "Borges Mateos, Juan"]
[Result "0-1"]
[WhiteElo "2153"]
[BlackElo "2441"]
[PlyCount "80"]
[EventDate "2003.08.02"]
[Source "lmi"]
[SourceDate "2003.08.10"]

1. e4 c5 2. Nf3 e6 3. d4 cxd4 4. Nxd4 a6 5. Bd3 Ne7 6. O-O Nec6 7. Nxc6 Nxc6 8.
f4 b5 9. Be3 Qc7 10. Nd2 Bb7 11. Qe2 Be7 12. c3 O-O 13. e5 d6 14. exd6 Bxd6 15.
Ne4 Ne7 16. Bd4 Bxe4 17. Bxe4 Rae8 18. Qh5 f5 19. Bc2 Bxf4 20. Bb3 Nc6 21. Bc5
g6 22. Qh3 Bd6 23. Bxd6 Qxd6 24. Rad1 Qc5+ 25. Kh1 Ne5 26. Qg3 Kg7 27. Rd4 Re7
28. Re1 f4 29. Rxf4 Rxf4 30. Qxf4 Nd3 31. Qe3 Qxe3 32. Rxe3 Nxb2 33. Rxe6 Rxe6
34. Bxe6 Na4 35. c4 b4 36. Kg1 Nc5 37. Bd5 a5 38. Bf3 a4 39. Bd1 b3 40. axb3 a3
0-1

[Event "XIII Abierto de La Pobla de Lillet"]
[Site "Barcelona"]
[Date "2003.??.??"]
[Round "3"]
[White "Orriols Miro, Clara"]
[Black "Westerinen, Heikki MJ"]
[Result "0-1"]
[WhiteElo "2024"]
[BlackElo "2351"]
[PlyCount "102"]
[EventDate "2003.08.02"]
[Source "lmi"]
[SourceDate "2003.08.10"]

1. e4 e5 2. Nc3 Nf6 3. g3 Bb4 4. Bg2 Nc6 5. Nge2 d6 6. h3 Be6 7. O-O d5 8. d3
dxe4 9. dxe4 Bc4 10. Nd5 Nxd5 11. exd5 Ne7 12. c3 Bc5 13. Qa4+ b5 14. Qc2 Bxd5
15. Rd1 c6 16. a4 Qb6 17. a5 Qc7 18. Bxd5 cxd5 19. Qd3 a6 20. Be3 O-O 21. Nc1
Rfd8 22. Nb3 Bxe3 23. Qxe3 Rac8 24. Rd3 f6 25. Rad1 Qc4 26. Nc1 d4 27. Qe4 Nc6
28. Ne2 dxc3 29. Rxd8+ Nxd8 30. Qxc4+ bxc4 31. Nxc3 Nb7 32. Rd5 Kf8 33. Na4 Ke8
34. Kf1 Rd8 35. Nb6 Rxd5 36. Nxd5 Nxa5 37. Nc7+ Kd7 38. Nxa6 Kc6 39. Ke2 Kb6
40. Nb4 Kc5 41. Nc2 Nc6 42. Kd2 Nb4 43. Ne1 e4 44. f3 Nd3 45. fxe4 Nxe1 46.
Kxe1 Kd4 47. Ke2 Kxe4 48. Kd2 f5 49. Ke2 g5 50. h4 f4 51. gxf4 gxh4 0-1

[Event "XIII Abierto de La Pobla de Lillet"]
[Site "Barcelona"]
[Date "2003.??.??"]
[Round "3"]
[White "Peric, Slavisa"]
[Black "Mila Tejera, Jordi"]
[Result "1-0"]
[WhiteElo "2251"]
[BlackElo "2043"]
[PlyCount "73"]
[EventDate "2003.08.02"]
[Source "lmi"]
[SourceDate "2003.08.10"]

1. d4 Nf6 2. Nf3 c5 3. d5 d6 4. Nc3 g6 5. e4 Bg7 6. Bb5+ Bd7 7. a4 O-O 8. Bxd7
Qxd7 9. O-O Na6 10. Nd2 Nc7 11. Qe2 b6 12. Nc4 e6 13. dxe6 fxe6 14. e5 dxe5 15.
Nxe5 Qd6 16. Nb5 Nxb5 17. axb5 Nd5 18. Nf3 Rf7 19. Ng5 Re7 20. Ra4 Nb4 21. Ne4
Qe5 22. c3 Nd5 23. f4 Qf5 24. Nd6 Qf8 25. Re4 Rd8 26. Nc4 Bxc3 27. bxc3 Nxc3
28. Qf3 Nxe4 29. Qxe4 Rd4 30. Qe2 Qd8 31. Ne5 Rc7 32. Ng4 Qe7 33. Bb2 Rb4 34.
Qe5 Kf7 35. Rd1 Ke8 36. Qh8+ Qf8 37. Rd8+ 1-0

[Event "XIII Abierto de La Pobla de Lillet"]
[Site "Barcelona"]
[Date "2003.??.??"]
[Round "3"]
[White "Fabre Massana, Miquel"]
[Black "Jose Iraeta, Alexandre"]
[Result "1/2-1/2"]
[WhiteElo "2115"]
[BlackElo "2191"]
[PlyCount "35"]
[EventDate "2003.08.02"]
[Source "lmi"]
[SourceDate "2003.08.10"]

1. e4 e5 2. Nf3 d6 3. Bc4 Be7 4. d4 exd4 5. Nxd4 Nf6 6. Nc3 O-O 7. O-O Nxe4 8.
Nxe4 d5 9. Bd3 dxe4 10. Bxe4 Nd7 11. Be3 Nf6 12. Bf3 Nd5 13. Re1 Bf6 14. c3 Re8
15. Nc2 Nxe3 16. Rxe3 Rxe3 17. Nxe3 c6 18. Qxd8+ 1/2-1/2

[Event "XIII Abierto de La Pobla de Lillet"]
[Site "Barcelona"]
[Date "2003.??.??"]
[Round "4"]
[White "Peralta, Fernando"]
[Black "Pogorelov, Ruslan"]
[Result "1/2-1/2"]
[WhiteElo "2505"]
[BlackElo "2449"]
[PlyCount "48"]
[EventDate "2003.08.02"]
[Source "lmi"]
[SourceDate "2003.08.10"]

1. Nf3 Nf6 2. c4 e6 3. Nc3 Bb4 4. g3 O-O 5. Bg2 d5 6. a3 Be7 7. d4 dxc4 8. Ne5
c5 9. dxc5 Qxd1+ 10. Nxd1 Nbd7 11. Nxc4 Nxc5 12. b4 Nb3 13. Rb1 Nxc1 14. Rxc1
Rb8 15. Na5 Bd8 16. Ne3 Bxa5 17. bxa5 b6 18. O-O bxa5 19. Rc5 a4 20. Ra5 Bd7
21. Rxa7 Rb3 22. Rd1 Bb5 23. Bf3 Rxa3 24. Rb1 Rb8 1/2-1/2

[Event "XIII Abierto de La Pobla de Lillet"]
[Site "Barcelona"]
[Date "2003.??.??"]
[Round "4"]
[White "Oms Fuentes, Lluis"]
[Black "Movsziszian, Karen"]
[Result "0-1"]
[WhiteElo "2126"]
[BlackElo "2461"]
[PlyCount "68"]
[EventDate "2003.08.02"]
[Source "lmi"]
[SourceDate "2003.08.10"]

1. e4 g6 2. Nc3 Bg7 3. d3 c5 4. g3 Nc6 5. Bg2 d6 6. Be3 Rb8 7. Qd2 b5 8. h3 b4
9. Nd1 Qb6 10. f4 e6 11. Nf3 Nge7 12. O-O O-O 13. Kh2 a5 14. c3 bxc3 15. bxc3
Ba6 16. Rc1 a4 17. Re1 a3 18. g4 Rb7 19. g5 d5 20. Kh1 Rd8 21. e5 Nf5 22. Bf2
Qa5 23. Rc2 Bf8 24. Nh2 Bb5 25. Ng4 Ba4 26. Rc1 Rdb8 27. Qe2 Rb1 28. Nde3 Rxc1
29. Rxc1 Rb2 30. Qf3 Nce7 31. Nf6+ Kg7 32. h4 Qb6 33. h5 Rxa2 34. Neg4 Ng8 0-1